| 000 | 01203nam a22003497a 4500 | ||
|---|---|---|---|
| 003 | CHAP | ||
| 005 | 20220329142317.0 | ||
| 008 | 000607d1999 mx a r 00110 spa d | ||
| 010 | _a81453 | ||
| 011 | _a82425 | ||
| 035 | _a92920 | ||
| 040 | _cCHAP | ||
| 090 | _aTesis | ||
| 100 | 0 | 0 |
_aElizalde Sánchez, Jesús Elisa. _936297 |
| 245 | 1 | 0 |
_aPropuesta de una planta de compostaje para las condiciones del Ajusco _c/por Jesús Elisa Elizalde Sánchez |
| 260 |
_aChapingo, Méx. : _bEl autor, _c1999. |
||
| 300 |
_a98 h. : _bilus. |
||
| 502 | _aTesis (Ing. en Agroecología) --UACH. Departamento de Agroecología | ||
| 590 |
_aALEPH _b10 _c20130110 _lUCH01 _h1436 |
||
| 590 |
_aBATCH-UPD _b10 _c20130110 _lUCH01 _h0710 |
||
| 590 |
_aBATCH-UPD _b10 _c20130410 _lUCH01 _h0356 |
||
| 590 |
_aBATCH-UPD _b10 _c20130913 _lUCH01 _h2202 |
||
| 590 |
_aCONVERSION _b10 _c20130109 _lUCH01 _h1345 |
||
| 650 | 1 | 4 |
_aAgroforestería _xMéxico (D. F.) _92164 |
| 650 | 1 | 4 |
_aCompost. _926105 |
| 650 | 1 | 4 |
_aSuelos _xMateria orgánica. _9110429 |
| 901 | _aBK | ||
| 905 | _aAlejandra Carrasco M. | ||
| 942 | _cFOLL | ||
| 949 |
_bBC _cTES _d33724000783452 _eTS2 _h36421 _i92920 _sb |
||
| 949 |
_bBC _cTES _d929201 _eTS1 _h36420 _i92920 _sb |
||
| 999 |
_c81453 _d81453 |
||